| 000 | nam a22 7a 4500 | ||
|---|---|---|---|
| 999 |
_c329751 _d329751 |
||
| 003 | NUST | ||
| 005 | 20170621134238.0 | ||
| 008 | 170519b xxu||||| |||| 00| 0 eng d | ||
| 020 | _a 969419010X | ||
| 040 | _cNUST | ||
| 041 | _hurdu | ||
| 082 |
_a891.4393 _bHAQ |
||
| 100 |
_aHaqqi, Shan -ul- Haq _91185 |
||
| 245 |
_aShakhsany achoty afsany / _cby Shan ul Haq Haqqi |
||
| 260 |
_aLahore: _bMaktaba Daniyal, _c2003 |
||
| 300 | _a184 p. | ||
| 500 | _aAfsany | ||
| 650 |
_aUrdu Literature _9347 |
||
| 880 |
_aشاخسانے اچھوتے افسانے _6245-02\(3\r _cشان الحق حقی |
||
| 880 |
_aشان الحق حقی _6100-01\(3\r |
||
| 880 |
_aکراچی _6260-03\(3\r _bمکتبہ دانیال، _c2003 |
||
| 942 |
_2ddc _cBK |
||